| 000 | 00494nam a2200193 a 4500 | ||
|---|---|---|---|
| 001 | 12971 | ||
| 003 | CO-ViMGA | ||
| 008 | 141112s2004 ck r 000 u spa d | ||
| 040 |
_aCO-ViMGA _bspa _cCO-ViMGA |
||
| 082 | 0 | 4 | _a704.9491321 J185 |
| 100 | 1 |
_aGutierrez, Jose _918911 |
|
| 245 | 1 | 0 | _aJaula |
| 260 |
_aBogotá : _bLepetit, _c1974 |
||
| 300 | _a120p. : il. | ||
| 650 | 1 | 4 | _aCOLOMBIA |
| 650 | 1 | 4 |
_aENFERMOS MENTALES - FOTOGRAFIAS _918912 |
| 650 | 1 | 4 |
_aPSICOPATOLOGIA _92815 |
| 942 |
_2ddc _cBK |
||
| 999 |
_c23870 _d23870 |
||